000 00534 a2200169 4500
999 _c4384
_d4384
020 _a0340648147
050 0 0 _aLB3025ROB1996
100 1 _aRobertson, John.
245 1 0 _aEffective classroom control :
_cJohn Robertson.
_bunderstanding teacher-student relationships /
264 _aLondon :
_b Hodder and Stoughton,
_c1996
300 _a117 p. :
440 0 _aStudies in teaching and learning
500 _aincludes index
504 _aBibliography: p. 115-117.
650 0 _aClassroom management.
942 _2lcc
_cBK
_h3025
_iROB
_kLB